000 01176naa a22003137a 4500
001 BR7406311
003 BR-BrBNA
005 20240918173705.0
007 ta
008 230509b bl.||||| |||| 00| 0 por d
040 _aBR-BrBNA
_bpor
_cBiblioteca Nacional de Agricultura
041 _a(Pt)
072 _aF00
_b2120
090 _aF00 BR7406311
100 1 _aHashizume, H.
100 1 _aMatiello, J.B.
100 1 _aAndrade, I.P.R.
100 1 _aPaulini, A.E.
111 1 _a2. Congresso Brasileiro sobre Pesquisas Cafeeiras
_cPocos de Caldas, MG (Brazil)
_d10 Sep 1974
245 1 _aEstudos sobre a aplicacao pratica da enxertia em cafe
260 3 _aRio de Janeiro, GB (Brasil):
_c1974.
500 _aResumos dos trabalhos apresentados no 2. Congresso Brasileiro sobre Pesquisas Cafeeiras Rio de Janeiro, GB (Brasil): 1974. p. 314-316 (BR7406311-AM)F00
650 _aCAFE
650 _aENXERTO
650 _aPRATICA CULTURAL
773 0 _tResumos dos trabalhos apresentados no 2. Congresso Brasileiro sobre Pesquisas Cafeeiras
_wF00 BR7406311
_gRio de Janeiro, GB (Brasil), 1974. p. 314-316
909 _a202404
_bLucia
_c55
_dLucia Elande
942 _cAM
_2AGRIS
999 _c306214
_d306214